000 03891nam a22003974i 4500
001 991061596585706706
003 ES-BaIT
005 20260121085826.0
008 260121e202511 sp 000 d spa c
017 _aDL M-21286-2025
_bOficina DL Madrid
020 _a9791387624224
040 _aES-BaIT
_bcat
_erda
_cES-BaIT
080 _a860(82)-2"19"
100 _aDespeyroux, Denise
_eautor
_9121776
245 1 0 _aTeatro denisíaco /
_cDenise Despeyroux
250 _aPrimera edición
264 1 _aMadrid :
_bPunto de Vista Editores,
_cnoviembre 2025
300 _a490 pàgines ;
_c23 cm
336 _atext
_btxt
_2rdacontent
337 _asense mediació
_bn
_2rdamedia
338 _avolum
_bnc
_2rdacarrier
490 1 _aColección Ómnibus Teatro. Obras ;
_v30
505 8 _aConté: Prólogo: Teatro denisíaco o cómo salir del laberinto de Ariadna -- Obras: La tentación de vivir ; El planeta añil ; Paciencia debe morir ; Tiempos mezquinos ; La omisión del si bemol tres ; Salvar a Apollinaire ; Misericordia
520 _a"Denise Despeyroux ha construido en los últimos años una de las trayectorias más singulares de la dramaturgia contemporánea. Su teatro, traducido, representado y estudiado en numerosos países, se caracteriza por esa mezcla de humor inquietante, hondura filosófica y ternura inesperada que lo hace inconfundible. «Teatro denisíaco» reúne siete piezas fundamentales escritas entre 2015 y 2025, precedidas por un prólogo que funciona como confesión íntima y manifiesto estético. Allí, la autora evoca el mito de Ariadna y el laberinto como metáforas de la creación y la vida, invitando al lector y al espectador a perderse en un territorio donde la verdad aparece disfrazada de paradoja, y la comedia convive con la herida.Las obras aquí reunidas —«La tentación de vivir», «El planeta añil», «Paciencia debe morir», «Tiempos mezquinos», «La omisión del si bemol tres», «Salvar a Apollinaire» y «Misericordia»— componen un mosaico de personajes que buscan, tropiezan y a veces se reinventan. Desde la comedia romántica teñida de desesperación hasta los juegos de la memoria y la traición, el teatro de Despeyroux se sostiene en un pulso verbal deslumbrante y en una estructura dramática que sorprende por su libertad. Lo que comienza como una situación reconocible –una conversación de pareja, una reunión de terapia, una sala de hospital– se transforma pronto en un territorio de extrañeza, donde lo cotidiano roza lo absurdo y lo fantástico para revelar el fondo de la experiencia humana.Su teatro interroga la identidad, el deseo, la fragilidad y la esperanza con una escritura que no teme a la confesión ni a la ironía, a la ternura ni a la crueldad. Como el hilo de Ariadna, estas obras trazan un recorrido posible para escapar del laberinto y, al mismo tiempo, enseñan que quizás el verdadero viaje consista en aprender a habitarlo. «Teatro denisíaco» es, así, una invitación a entrar en un universo propio, donde el amor y la traición, la memoria y el olvido, lo sagrado y lo cómico, se entrelazan en un mismo gesto teatral." -- Contracoberta
700 1 _iContenidor de (obra) :
_aDespeyroux, Denise.
_tTentación de vivir
_9168093
700 1 _iContenidor de (obra) :
_aDespeyroux, Denise.
_tPlaneta añil
_9168094
700 1 _iContenidor de (obra) :
_aDespeyroux, Denise.
_t Paciencia debe morir
_9168095
700 1 _iContenidor de (obra) :
_aDespeyroux, Denise.
_t Tiempos mezquinos
_9168096
700 1 _iContenidor de (obra) :
_aDespeyroux, Denise.
_t Omisión del si bemol tres
_9168097
700 1 _iContenidor de (obra) :
_aDespeyroux, Denise.
_tSalvar a Apollinaire
_9168098
700 1 _iContenidor de (obra) :
_aDespeyroux, Denise.
_tMisericordia
_9168099
830 0 _aÓmnibus teatro.
_pSerie Obras
_v30
_9156688
908 _aCDMAE
940 _aCDMAE
942 _2udc
_c1
999 _c136900
_d136900